| 000 -LEADER |
| fixed length control field |
00352nam a22000977a 4500 |
| 008 - FIXED-LENGTH DATA ELEMENTS--GENERAL INFORMATION |
| fixed length control field |
170121b xxu||||| |||| 00| 0 eng d |
| 100 ## - MAIN ENTRY--AUTHOR'S NAME |
| Author's Name |
Nathan, Mel |
| 245 ## - TITLE STATEMENT |
| Title |
Franks of Western expresses |
| 260 ## - PUBLICATION, DISTRIBUTION, ETC. (IMPRINT) |
| Place of publication, distribution, etc. |
Chicago |
| Name of publisher, distributor, etc. |
Collectors Club of Chicago, |
| Date of publication, distribution, etc. |
1973 |
| 650 ## - TOPICAL TERM (Tag) |
| Topical term or geographic name |
United States | Western States | Express Companies | Express Franks | Postal History | Biographies |